000 00448nam a2200169Ia 4500
003 OSt
005 20260323114936.0
008 211028s2019 xx 000 0 und d
040 _cAIMIT LIBRARY
041 _aeng
100 _aCorreya, Mary Sonia; Shetty, Annapoorna.
_g161746
_95350
110 _aC G Thomas
_95351
245 _aE-Commerce application /
260 _aCoimbatore
_c2019
710 _aITC Infotech Ltd.
_95352
942 _2ddc
_cPRO
999 _c217876
_d217876